000 00829nam a22002177a 4500
999 _c11625
_d11625
003 AR-CdUCM
008 190404b ||||| |||| 00| 0 spa d
040 _aMUNICIPALIDAD PROVINCIAL DEL CUSCO
_cBIBLIOTECA MUNICIPAL DEL CUSCO
082 _a985.02 / 1944 /
_bR76
100 _aRomero, Carlos Alberto
_929082
245 _aLos héroes de la Isla del Gallo /
260 _aLima :
_bImpr. D. Miranda,
_c1944.
300 _a123 páginas ;
_c18 cm.
440 _aLos pequeños grandes libros de historia americana
_nSerie 1
_929083
505 _aContenido: Bio-biografia (de Jorge Guillermo Leguía) -- Los de la isla del Galle -- Tinkunakuspa -- Ratas y Ratones...
650 _aConquistadores
_91283
650 _aEspaña
_9176
650 _aDescubrimiento y Conquista
_92362
942 _2ddc
_cLIBROS
945 _adavv
_d04/04/2019